[Event "71st RUS-ch Higher League 2018"]
[Site "Yaroslavl"]
[Date "2018.06.29"]
[Round "4"]
[White "Matlakov, Maxim"]
[Black "Vavulin, Maksim"]
[Result "1-0"]
[WhiteElo "2699"]
[BlackElo "2552"]
[Annotator "TA"]
[PlyCount "118"]
[EventDate "2018.06.26"]
[EventType "swiss"]
[EventCountry "RUS"]
[SourceTitle "playchess.com"]
[Source "ChessBase"]
[SourceQuality "1"]

{[%evp 17,118,20,26,27,27,16,25,11,17,4,12,14,21,23,24,23,46,23,23,23,25,0,0,-29,0,0,69,56,48,55,45,64,51,37,40,32,51,46,58,9,30,34,46,24,27,29,29,27,66,61,67,54,85,79,66,82,76,90,120,115,116,77,126,99,145,132,144,138,116,111,154,147,160,170,150,147,226,226,224,218,201,211,229,204,222,222,274,237,312,287,277,277,240,238,229,201,186,89,85,90,12841,12841,12842]} 1. d4 Nf6 2. c4 e6 3. Nf3 b6 4. g3 Ba6 5. Qc2 Bb7 6. Bg2 c5 7. O-O cxd4 8. Nxd4 Bxg2 9. Kxg2 Qc7 {LiveBook: 11 Games} 10. e4 {E15: Queen's Indian: 4 g3 sidelines, 4 g3 Ba6 and 4 g3 Bb7 early deviations} (10. Bg5 Nc6 11. Nf3 Be7 12. b3 h6 13. Bf4 Qb7 14. Nc3 g5 15. Qd2 gxf4 16. Qxf4 Qb8 17. Qc1 Ne5 {0-1 (41) Neumeier,L (2357)-Werle,J (2542) Germany 2016}) 10... a6 11. Nf3 $146 ({Predecessor:} 11. Nd2 Qb7 12. Re1 Be7 13. b3 d6 14. a4 O-O 15. Bb2 Nbd7 16. Re2 Rfc8 17. Qd3 Bf8 {½-½ (55) Krumpacnik,D (2364)-Gostisa,L (2420) Celje 2003}) 11... d6 12. Bf4 {White has an edge.} Nbd7 {[%cal Bb8d7,Bd7e5,Be5g6][%mdl 32]} 13. Qe2 Be7 14. Nc3 Rc8 15. Rac1 O-O 16. b3 Ne5 17. Nd4 Qb7 18. f3 Rfe8 19. h4 {[%cal Bh2h4,Bh4h5][%mdl 32]} Ng6 {And now ...e5 would win.} 20. Bd2 d5 21. e5 $1 {[%cal Re5f6]} Bc5 (21... Nh5 $11 22. f4 dxc4+ 23. Kh2 Red8) 22. exf6 $14 Bxd4 23. h5 Nf8 24. fxg7 $1 Bxg7 25. cxd5 exd5 26. Qd3 b5 27. Ne2 (27. Nxd5 $2 Rcd8 $19) (27. Qxd5 $2 Qxd5 28. Nxd5 Rcd8 $19) 27... d4 28. Nf4 ({Don't blunder} 28. Nxd4 $2 Rcd8 $19) 28... Nd7 29. Rxc8 Rxc8 {[#]} 30. h6 $1 {[%mdl 512]} Bxh6 31. Qxd4 {aiming for Nh5.} (31. Rh1 Ne5 $15) 31... Bg7 32. Qe3 Qb6 33. Qxb6 Nxb6 34. Be3 Nd7 35. Rd1 Ne5 36. Nd5 Kf8 37. Rd2 a5 38. Bb6 a4 39. Ne3 Bf6 40. f4 Ng6 41. Rd5 axb3 42. axb3 b4 43. Bc5+ Be7 44. Bd4 {f5 is the strong threat.} f6 45. Rh5 Rd8 46. Nf5 Kg8 (46... Kf7 $16 {was necessary.}) 47. Nxe7+ $18 Nxe7 48. Bxf6 {[%mdl 4096] Endgame KRB-KRN} Rd2+ 49. Kf3 Nd5 50. Be5 Nc3 51. Rg5+ Kf8 {Black hopes to continue with ...Rd3+.} 52. Kg4 Ne4 {[#]} 53. Rg7 $1 Rd3 54. Kf5 (54. Rxh7 Nxg3 55. Rh3 Ne4) 54... Nxg3+ 55. Ke6 Ne4 56. Rc7 {White threatens Rc8+ and mate.} ({Not} 56. Rxh7 Nc5+ 57. Kf5 Nd7 $16) 56... Rd8 57. Rxh7 (57. Rc4 $18 Re8+ 58. Kf5 Ng3+ 59. Kf6) 57... Nc5+ $16 58. Kf6 {[%cal Rh7h8]} Ne4+ $2 {[%mdl 8192]} (58... Ke8 $16) 59. Kf5 $18 Ng3+ {Precision: White = 67%, Black = 53%.} 1-0

[Event "71st RUS-ch Higher League 2018"]
[Site "Yaroslavl"]
[Date "2018.06.29"]
[Round "4"]
[White "Inarkiev, Ernesto"]
[Black "Popov, Ivan"]
[Result "1/2-1/2"]
[WhiteElo "2684"]
[BlackElo "2608"]
[Annotator "TA"]
[PlyCount "102"]
[EventDate "2018.06.26"]
[EventType "swiss"]
[EventCountry "RUS"]
[SourceTitle "playchess.com"]
[Source "ChessBase"]
[SourceQuality "1"]

{[%evp 19,102,0,29,12,15,0,0,0,0,0,0,-39,-45,-35,-47,-79,-74,-75,-49,-49,-56,-51,-49,-56,-49,-56,-56,-53,-60,-68,-56,-60,-57,-57,-56,-60,-51,-75,0,-60,0,-72,-21,-18,0,0,0,0,0,0,0,0,0,0,2,0,2,0,4,5,5,6,7,8,8,8,8,8,8,0,0,0,0,0,0,0,0,0,0,0,0,0,0,0,0]} 1. d4 d5 2. c4 dxc4 3. e3 Nf6 4. Bxc4 e6 5. Nf3 c5 6. O-O Nc6 7. Nc3 a6 8. a3 b5 9. Ba2 Bb7 10. Qe2 Be7 {LiveBook: 4 Games. D40: Queen's Gambit Declined: Semi-Tarrasch with 5 e3} (10... Qc7 11. Bd2 Be7 12. Rac1 c4 13. e4 Rd8 14. Be3 Ng4 15. e5 Na5 16. Bf4 Qb6 17. Rcd1 h5 18. h3 {½-½ (96) Ding,L (2769)-Grischuk,A (2767) Berlin 2018}) 11. dxc5 Bxc5 12. e4 Nd4 13. Nxd4 Bxd4 14. e5 {[#] aiming for Rd1.} Nd5 $146 ({Predecessor:} 14... Nd7 15. Bf4 g5 16. Bg3 h5 17. Ne4 Bxe4 18. Qxe4 Bxb2 {1-0 (54) Kurajica,B (2565)-Vaisser,A (2575) Lyon 1994}) 15. Bd2 Nxc3 16. bxc3 Bc5 17. Be3 Qb6 ({Much weaker is} 17... Bxa3 18. Bxe6 fxe6 19. Rxa3 $11) 18. Rfe1 Bxe3 (18... O-O {looks sharper.} 19. a4 bxa4 20. Bb1 Rad8 21. Rxa4 Bxe3 22. Qxe3 Qxe3 23. fxe3 Rc8) 19. Qxe3 Qxe3 20. Rxe3 Ke7 21. c4 Rhc8 22. Rb1 Rc5 23. f3 Bc6 24. cxb5 axb5 25. Rb2 Rc1+ 26. Kf2 Ra1 27. Rc3 Be8 28. Rcb3 Bc6 {[#] And now ...Bd5 would win.} 29. Rc3 Be8 (29... Bd7 {is interesting.} 30. Rd2 Ra7 31. Rb3 Bc6 32. Rc3 Be8) 30. Rcb3 g5 (30... Ra4 $17) 31. Bb1 $11 {The position is equal.} R8xa3 32. Bxh7 Rxb3 33. Rxb3 {[%mdl 4096] Endgame KRB-KRB} Ra2+ 34. Kg3 Re2 35. Be4 f5 36. exf6+ $1 Kxf6 37. Rb4 Re3 (37... Rd2 {is more complex.} 38. f4 gxf4+ 39. Kxf4 e5+ 40. Ke3 Ra2) 38. Rd4 Bg6 39. Bxg6 Kxg6 {KR-KR} 40. Rb4 Re5 41. h4 gxh4+ 42. Rxh4 Rh5 {White must now prevent ...Rxh4.} 43. Rb4 Rc5 44. Kf4 Rc4+ 45. Rxc4 bxc4 {KPP-KPP} 46. Ke3 e5 47. Kd2 Kf5 48. Kc3 Kf4 49. Kxc4 {White wants to mate with Kd5.} Kg3 50. Kd5 Kxg2 51. Kxe5 {White threatens f4 and mate.} Kxf3 {Precision: White = 74%, Black = 80%.} 1/2-1/2

[Event "71st RUS-ch Higher League 2018"]
[Site "Yaroslavl"]
[Date "2018.06.29"]
[Round "4"]
[White "Najer, Evgeniy"]
[Black "Potkin, Vladimir"]
[Result "1/2-1/2"]
[WhiteElo "2668"]
[BlackElo "2592"]
[Annotator "ChessBase"]
[PlyCount "43"]
[EventDate "2018.06.26"]
[EventType "swiss"]
[EventCountry "RUS"]
[SourceTitle "playchess.com"]
[Source "ChessBase"]
[SourceQuality "1"]
[TimeControl "40/5400+30:1800+30"]

1. d4 {[%emt 0:00:00]} d5 {[%emt 0:00:09]} 2. c4 {[%emt 0:00:00]} c6 {[%emt 0:00:07]} 3. Nf3 {[%emt 0:00:00]} Nf6 {[%emt 0:00:10]} 4. e3 {[%emt 0:00:12]} Bf5 {[%emt 0:01:05]} 5. Nc3 {[%emt 0:01:36]} a6 {[%emt 0:00:24]} 6. Ne5 {[%emt 0:01:42]} Nbd7 {[%emt 0:00:39]} 7. Qb3 {[%emt 0:02:07]} Qc7 {[%emt 0:01:03]} 8. Nxd7 {[%emt 0:00:16]} Qxd7 {[%emt 0:00:17]} 9. Na4 {[%emt 0:00:33]} Qc7 {[%emt 0:01:18]} 10. Nb6 {[%emt 0:01:31]} Rd8 {[%emt 0:00:40]} 11. cxd5 {[%emt 0:00:38]} Nxd5 {[%emt 0:01:31]} 12. Nxd5 {[%emt 0:01:00]} cxd5 {[%emt 0:00:08]} 13. Bd2 {[%emt 0:00:10]} Rd6 {[%emt 0:01:37]} 14. Rc1 {[%emt 0:00:47]} Rc6 {[%emt 0:00:07]} 15. Rxc6 {[%emt 0:00:06]} Qxc6 {[%emt 0:00:05]} 16. Bd3 {[%emt 0:00:21]} Bxd3 {[%emt 0:00:09]} 17. Qxd3 {[%emt 0:00:07]} Qb5 {[%emt 0:00:40]} 18. Qc2 {[%emt 0:00:34]} Qc6 {[%emt 0:00:23]} 19. Qd3 {[%emt 0:00:08]} Qb5 {[%emt 0:00:07]} 20. Qc2 {[%emt 0:00:23]} Qc6 {[%emt 0:00:07]} 21. Qd3 {[%emt 0:00:33]} Qb5 {[%emt 0:00:32]} 22. Qc2 1/2-1/2

[Event "71st RUS-ch Higher League 2018"]
[Site "Yaroslavl"]
[Date "2018.06.29"]
[Round "4"]
[White "Motylev, Alexander"]
[Black "Oparin, Grigoriy"]
[Result "1/2-1/2"]
[WhiteElo "2659"]
[BlackElo "2587"]
[Annotator "ChessBase"]
[PlyCount "102"]
[EventDate "2018.06.26"]
[EventType "swiss"]
[EventCountry "RUS"]
[SourceTitle "playchess.com"]
[Source "ChessBase"]
[SourceQuality "1"]
[TimeControl "40/5400+30:1800+30"]

1. e4 {[%emt 0:00:00]} e5 {[%emt 0:00:04]} 2. Nf3 {[%emt 0:00:00]} Nc6 {[%emt 0:00:03]} 3. Bb5 {[%emt 0:00:00]} a6 {[%emt 0:00:05]} 4. Ba4 {[%emt 0:00:00]} Nf6 {[%emt 0:00:04]} 5. O-O {[%emt 0:00:06]} Be7 {[%emt 0:00:04]} 6. d3 {[%emt 0:00:17]} d6 {[%emt 0:04:33]} 7. c3 {[%emt 0:00:40]} O-O {[%emt 0:00:27]} 8. Re1 {[%emt 0:00:44]} Re8 {[%emt 0:02:41]} 9. Nbd2 {[%emt 0:01:15]} Bf8 {[%emt 0:02:41]} 10. Nf1 {[%emt 0:01:27]} b5 {[%emt 0:16:56]} 11. Bb3 {[%emt 0:02:24]} Na5 {[%emt 0:01:48]} 12. Bc2 {[%emt 0:01:13]} c5 {[%emt 0:00:05]} 13. Bg5 {[%emt 0:03:32]} h6 {[%emt 0:06:16]} 14. Bh4 {[%emt 0:01:44]} Be7 {[%emt 0:13:26]} 15. Ne3 {[%emt 0:04:47]} Be6 {[%emt 0:00:45]} 16. d4 {[%emt 0:03:28]} Ng4 {[%emt 0:10:45]} 17. Bxe7 {[%emt 0:13:54]} Rxe7 {[%emt 0:00:05]} 18. dxc5 {[%emt 0:09:59]} Nxe3 {[%emt 0:11:03]} 19. fxe3 {[%emt 0:09:33]} dxc5 {[%emt 0:00:13]} 20. Nxe5 {[%emt 0:01:14]} Qc7 {[%emt 0:01:39]} 21. Nd3 {[%emt 0:08:46]} Rd8 {[%emt 0:06:37]} 22. Qh5 {[%emt 0:03:44]} Bc4 {[%emt 0:00:13]} 23. Nf4 {[%emt 0:01:43]} Rd2 {[%emt 0:00:52]} 24. Rec1 {[%emt 0:05:43]} Be6 {[%emt 0:08:17]} 25. b3 {[%emt 0:04:07]} c4 {[%emt 0:00:04]} 26. b4 {[%emt 0:04:17]} Nc6 {[%emt 0:00:22]} 27. a4 {[%emt 0:01:30]} Qb6 {[%emt 0:06:37]} 28. Qc5 {[%emt 0:08:51]} Qxc5 {[%emt 0:00:04]} 29. bxc5 {[%emt 0:00:03]} b4 {[%emt 0:03:52]} 30. cxb4 {[%emt 0:01:17]} Nxb4 {[%emt 0:00:03]} 31. Bd1 {[%emt 0:01:09]} Na2 {[%emt 0:01:31]} 32. Rxa2 {[%emt 0:05:47]} Rxa2 {[%emt 0:00:05]} 33. c6 {[%emt 0:01:00]} Re8 {[%emt 0:03:37]} 34. Nd5 {[%emt 0:01:38]} Rb8 {[%emt 0:00:50]} 35. c7 {[%emt 0:00:56]} Rbb2 {[%emt 0:00:33]} 36. Nf4 {[%emt 0:00:39]} Bc8 {[%emt 0:00:31]} 37. Bf3 {[%emt 0:00:20]} g5 {[%emt 0:00:34]} 38. Nd5 {[%emt 0:00:13]} g4 {[%emt 0:00:25]} 39. Bxg4 {[%emt 0:00:46]} Rxg2+ {[%emt 0:00:08]} 40. Kh1 {[%emt 0:00:00]} Rxh2+ {[%emt 0:00:11]} 41. Kg1 {[%emt 0:00:45]} Rhg2+ {[%emt 0:21:23]} 42. Kh1 {[%emt 0:01:46]} Bb7 {[%emt 0:05:48]} 43. Bc8 {[%emt 0:22:38]} Bxc8 {[%emt 0:01:08]} 44. Ne7+ {[%emt 0:00:44]} Kh7 {[%emt 0:00:03]} 45. Nxc8 {[%emt 0:00:05]} Rh2+ {[%emt 0:02:58]} 46. Kg1 {[%emt 0:00:15]} Rag2+ {[%emt 0:00:02]} 47. Kf1 {[%emt 0:00:06]} Rb2 {[%emt 0:00:24]} 48. Kg1 {[%emt 0:00:18]} Rhg2+ {[%emt 0:01:31]} 49. Kh1 {[%emt 0:00:08]} Rh2+ {[%emt 0:01:22]} 50. Kg1 {[%emt 0:00:16]} Rbg2+ {[%emt 0:00:06]} 51. Kf1 {[%emt 0:00:27]} Rd2 {[%emt 0:00:35]} 1/2-1/2

[Event "71st RUS-ch Higher League 2018"]
[Site "Yaroslavl"]
[Date "2018.06.29"]
[Round "4"]
[White "Gordievsky, Dmitry"]
[Black "Sychev, Klementy"]
[Result "1/2-1/2"]
[WhiteElo "2641"]
[BlackElo "2527"]
[Annotator "ChessBase"]
[PlyCount "83"]
[EventDate "2018.06.26"]
[EventType "swiss"]
[EventCountry "RUS"]
[SourceTitle "playchess.com"]
[Source "ChessBase"]
[SourceQuality "1"]
[TimeControl "40/5400+30:1800+30"]

1. d4 {[%emt 0:00:00]} Nf6 {[%emt 0:01:39]} 2. Nf3 {[%emt 0:01:21]} g6 {[%emt 0:00:12]} 3. Bg5 {[%emt 0:00:36]} Bg7 {[%emt 0:00:08]} 4. Nbd2 {[%emt 0:00:26]} d5 {[%emt 0:00:51]} 5. e3 {[%emt 0:01:31]} O-O {[%emt 0:00:25]} 6. Bd3 {[%emt 0:01:12]} Nbd7 7. h3 {[%emt 0:12:59]} Re8 {[%emt 0:05:53]} 8. Bf4 {[%emt 0:00:51]} Nh5 {[%emt 0:29:28]} 9. Bh2 {[%emt 0:00:27]} e5 {[%emt 0:02:07]} 10. dxe5 {[%emt 0:12:10]} Nxe5 {[%emt 0:00:32]} 11. Nxe5 {[%emt 0:00:32]} Bxe5 {[%emt 0:00:08]} 12. Bxe5 {[%emt 0:00:02]} Rxe5 {[%emt 0:00:10]} 13. Nf3 {[%emt 0:05:09]} Re8 {[%emt 0:01:19]} 14. O-O {[%emt 0:00:06]} Nf6 {[%emt 0:04:49]} 15. c4 {[%emt 0:04:48]} c6 {[%emt 0:10:43]} 16. c5 {[%emt 0:07:46]} Nd7 {[%emt 0:02:08]} 17. Rc1 {[%emt 0:00:45]} Qf6 {[%emt 0:00:48]} 18. Nd4 {[%emt 0:01:46]} Nf8 {[%emt 0:03:46]} 19. Re1 {[%emt 0:13:48]} Ne6 {[%emt 0:02:59]} 20. Bf1 {[%emt 0:00:40]} Bd7 {[%emt 0:03:59]} 21. Qd2 {[%emt 0:01:17]} Re7 {[%emt 0:03:10]} 22. Qb4 {[%emt 0:07:45]} Rae8 {[%emt 0:00:27]} 23. Nxe6 {[%emt 0:04:02]} Bxe6 {[%emt 0:00:12]} 24. Qd4 {[%emt 0:01:43]} Kg7 {[%emt 0:01:46]} 25. Red1 {[%emt 0:02:27]} Bf5 {[%emt 0:01:46]} 26. Rc3 {[%emt 0:01:45]} Re4 {[%emt 0:03:09]} 27. Qxf6+ {[%emt 0:00:02]} Kxf6 {[%emt 0:00:07]} 28. Ra3 {[%emt 0:00:05]} a6 {[%emt 0:02:32]} 29. Rd2 {[%emt 0:01:27]} g5 {[%emt 0:06:05]} 30. Rb3 {[%emt 0:00:03]} R8e7 {[%emt 0:01:03]} 31. g4 {[%emt 0:02:01]} Bg6 {[%emt 0:01:13]} 32. Kg2 {[%emt 0:00:44]} Kg7 {[%emt 0:01:53]} 33. a3 {[%emt 0:00:29]} h5 {[%emt 0:02:23]} 34. Bd3 {[%emt 0:04:16]} Ra4 {[%emt 0:02:55]} 35. Be2 {[%emt 0:00:03]} hxg4 {[%emt 0:00:37]} 36. hxg4 {[%emt 0:00:06]} Rae4 {[%emt 0:00:37]} 37. Kf1 {[%emt 0:03:01]} Kf8 {[%emt 0:02:43]} 38. Rd4 {[%emt 0:00:48]} Ke8 {[%emt 0:01:55]} 39. Rxe4 {[%emt 0:00:25]} Bxe4 {[%emt 0:00:52]} 40. f3 {[%emt 0:00:00]} Bg6 {[%emt 0:00:26]} 41. Kf2 {[%emt 0:03:11]} f6 {[%emt 0:03:25]} 42. Bd3 {[%emt 0:08:26]} 1/2-1/2

[Event "71st RUS-ch Higher League 2018"]
[Site "Yaroslavl"]
[Date "2018.06.29"]
[Round "4"]
[White "Zvjaginsev, Vadim"]
[Black "Turov, Maxim"]
[Result "1-0"]
[WhiteElo "2633"]
[BlackElo "2600"]
[Annotator "ChessBase"]
[PlyCount "135"]
[EventDate "2018.06.26"]
[EventType "swiss"]
[EventCountry "RUS"]
[SourceTitle "playchess.com"]
[Source "ChessBase"]
[SourceQuality "1"]
[TimeControl "40/5400+30:1800+30"]

1. e4 {[%emt 0:00:00]} c6 {[%emt 0:00:05]} 2. d4 {[%emt 0:00:00]} d5 {[%emt 0:00:09]} 3. e5 {[%emt 0:00:00]} Bf5 {[%emt 0:00:28]} 4. Be3 {[%emt 0:01:37]} e6 {[%emt 0:00:47]} 5. Nd2 {[%emt 0:00:40]} Ne7 {[%emt 0:02:09]} 6. f4 {[%emt 0:00:16]} Nd7 {[%emt 0:03:33]} 7. Ngf3 {[%emt 0:00:45]} Qb6 {[%emt 0:02:07]} 8. Nb3 {[%emt 0:01:37]} a5 {[%emt 0:00:11]} 9. a4 {[%emt 0:00:26]} f6 {[%emt 0:17:33]} 10. Be2 {[%emt 0:04:38]} Ng6 {[%emt 0:00:29]} 11. O-O {[%emt 0:04:05]} Be7 {[%emt 0:13:16]} 12. c4 {[%emt 0:16:47]} fxe5 {[%emt 0:08:36]} 13. c5 {[%emt 0:00:50]} Qa7 {[%emt 0:02:34]} 14. dxe5 {[%emt 0:00:39]} Nxc5 {[%emt 0:06:56]} 15. Rc1 {[%emt 0:02:47]} b6 {[%emt 0:07:09]} 16. Nfd4 {[%emt 0:09:45]} Qb7 {[%emt 0:05:57]} 17. Nxc6 {[%emt 0:04:10]} O-O {[%emt 0:00:50]} 18. Nxe7+ {[%emt 0:01:21]} Nxe7 {[%emt 0:00:06]} 19. Nxc5 {[%emt 0:00:33]} bxc5 {[%emt 0:00:07]} 20. Bxc5 {[%emt 0:00:15]} Rfc8 {[%emt 0:00:20]} 21. Qd2 {[%emt 0:04:59]} Be4 {[%emt 0:01:11]} 22. Rfe1 {[%emt 0:13:13]} Nf5 {[%emt 0:02:01]} 23. Bf2 {[%emt 0:01:00]} Rcb8 {[%emt 0:04:14]} 24. Rc5 {[%emt 0:04:22]} Qb4 {[%emt 0:04:45]} 25. Qxb4 {[%emt 0:00:58]} Rxb4 {[%emt 0:00:04]} 26. g4 {[%emt 0:02:18]} Ne7 {[%emt 0:05:31]} 27. Rb5 {[%emt 0:05:58]} Rxa4 {[%emt 0:00:23]} 28. Rc1 {[%emt 0:00:49]} Ng6 {[%emt 0:01:43]} 29. Bg3 {[%emt 0:01:19]} Rf8 {[%emt 0:01:02]} 30. f5 {[%emt 0:03:09]} exf5 {[%emt 0:00:31]} 31. gxf5 {[%emt 0:00:15]} Ne7 {[%emt 0:04:43]} 32. f6 {[%emt 0:00:15]} gxf6 {[%emt 0:01:20]} 33. e6 {[%emt 0:00:45]} Nf5 {[%emt 0:01:54]} 34. Bf2 {[%emt 0:05:14]} Re8 {[%emt 0:01:37]} 35. Rb6 {[%emt 0:02:33]} Rb4 {[%emt 0:02:16]} 36. Bb5 {[%emt 0:00:46]} d4 {[%emt 0:01:05]} 37. Re1 {[%emt 0:01:18]} Ne3 {[%emt 0:00:37]} 38. Bxe8 {[%emt 0:05:37]} Rxb6 {[%emt 0:00:04]} 39. Bd7 {[%emt 0:00:19]} Kf8 {[%emt 0:00:45]} 40. Bxe3 {[%emt 0:00:00]} dxe3 {[%emt 0:00:10]} 41. Rxe3 {[%emt 0:00:29]} f5 {[%emt 0:04:24]} 42. e7+ {[%emt 0:00:17]} Kxe7 {[%emt 0:00:04]} 43. Bxf5 {[%emt 0:00:09]} Rxb2 {[%emt 0:00:04]} 44. Bxe4 {[%emt 0:05:17]} a4 {[%emt 0:00:08]} 45. Bc2+ {[%emt 0:01:25]} Kf6 {[%emt 0:00:05]} 46. Bxa4 {[%emt 0:00:09]} h5 {[%emt 0:00:03]} 47. Bd1 {[%emt 0:01:26]} h4 {[%emt 0:00:10]} 48. Be2 {[%emt 0:00:41]} Rb4 {[%emt 0:00:06]} 49. Kg2 {[%emt 0:00:31]} Rd4 {[%emt 0:00:05]} 50. Kh3 {[%emt 0:00:32]} Rb4 {[%emt 0:00:19]} 51. Bg4 {[%emt 0:01:52]} Rb2 {[%emt 0:00:05]} 52. Re4 {[%emt 0:00:49]} Kg5 {[%emt 0:00:05]} 53. Re5+ {[%emt 0:00:20]} Kg6 {[%emt 0:00:05]} 54. Rh5 {[%emt 0:03:26]} Kg7 {[%emt 0:00:39]} 55. Rxh4 {[%emt 0:02:18]} Rb8 {[%emt 0:00:05]} 56. Kg3 {[%emt 0:00:39]} Rh8 {[%emt 0:00:05]} 57. Bh5 {[%emt 0:00:05]} Rb8 {[%emt 0:00:02]} 58. Bf3 {[%emt 0:00:28]} Rb6 {[%emt 0:00:04]} 59. Be4 {[%emt 0:00:11]} Rd6 {[%emt 0:00:09]} 60. Rh7+ {[%emt 0:01:15]} Kg8 {[%emt 0:00:06]} 61. Ra7 {[%emt 0:00:45]} Rb6 {[%emt 0:00:04]} 62. h3 {[%emt 0:00:18]} Kh8 {[%emt 0:00:07]} 63. Kf4 {[%emt 0:00:38]} Kg8 {[%emt 0:00:03]} 64. Kg5 {[%emt 0:00:26]} Rd6 {[%emt 0:01:05]} 65. Bh7+ {[%emt 0:00:55]} Kh8 {[%emt 0:00:10]} 66. Bg6 {[%emt 0:00:16]} Rd8 {[%emt 0:00:04]} 67. Kh6 {[%emt 0:00:50]} Rf8 {[%emt 0:00:08]} 68. Bf7 {[%emt 0:00:44]} 1-0

[Event "71st RUS-ch Higher League 2018"]
[Site "Yaroslavl"]
[Date "2018.06.29"]
[Round "4"]
[White "Romanov, Evgeny"]
[Black "Yanchenko, Roman"]
[Result "1/2-1/2"]
[WhiteElo "2628"]
[BlackElo "2462"]
[Annotator "ChessBase"]
[PlyCount "85"]
[EventDate "2018.06.26"]
[EventType "swiss"]
[EventCountry "RUS"]
[SourceTitle "playchess.com"]
[Source "ChessBase"]
[SourceQuality "1"]
[TimeControl "40/5400+30:1800+30"]

1. c4 {[%emt 0:00:35]} e6 {[%emt 0:02:46]} 2. g3 {[%emt 0:00:22]} d5 {[%emt 0:00:17]} 3. Bg2 {[%emt 0:00:08]} Nf6 {[%emt 0:00:12]} 4. d4 {[%emt 0:05:15]} Bb4+ {[%emt 0:00:55]} 5. Nd2 {[%emt 0:00:08]} c5 {[%emt 0:02:08]} 6. a3 {[%emt 0:16:26]} Bxd2+ {[%emt 0:02:01]} 7. Qxd2 {[%emt 0:00:06]} cxd4 {[%emt 0:02:24]} 8. cxd5 {[%emt 0:00:52]} O-O {[%emt 0:04:51]} 9. Nf3 {[%emt 0:15:03]} Qxd5 {[%emt 0:01:02]} 10. Qxd4 {[%emt 0:00:24]} Nc6 {[%emt 0:01:11]} 11. Qxd5 {[%emt 0:00:23]} Nxd5 {[%emt 0:00:23]} 12. b4 {[%emt 0:03:26]} b6 {[%emt 0:03:21]} 13. Bd2 {[%emt 0:13:45]} Ba6 {[%emt 0:01:50]} 14. Rb1 {[%emt 0:02:03]} Bb5 {[%emt 0:03:17]} 15. a4 {[%emt 0:08:33]} Bxa4 {[%emt 0:00:16]} 16. b5 {[%emt 0:00:06]} Na5 {[%emt 0:01:50]} 17. Nd4 {[%emt 0:01:41]} Rac8 {[%emt 0:07:03]} 18. Bxd5 {[%emt 0:10:31]} exd5 {[%emt 0:00:03]} 19. Bxa5 {[%emt 0:02:31]} bxa5 {[%emt 0:00:04]} 20. Kd2 {[%emt 0:01:01]} Rc4 {[%emt 0:03:03]} 21. e3 {[%emt 0:02:42]} Rfc8 {[%emt 0:02:40]} 22. Rb2 {[%emt 0:04:10]} g6 {[%emt 0:03:37]} 23. Ra1 {[%emt 0:02:13]} Rb8 {[%emt 0:03:57]} 24. Kd3 {[%emt 0:03:15]} f5 {[%emt 0:04:16]} 25. f3 {[%emt 0:03:39]} Rb6 {[%emt 0:23:03]} 26. e4 {[%emt 0:00:07]} fxe4+ {[%emt 0:00:17]} 27. fxe4 {[%emt 0:00:01]} a6 {[%emt 0:00:45]} 28. exd5 {[%emt 0:00:03]} axb5 {[%emt 0:00:13]} 29. Nxb5 {[%emt 0:00:17]} Rxb5 {[%emt 0:14:41]} 30. Kxc4 {[%emt 0:00:05]} Rxb2 {[%emt 0:00:02]} 31. Rxa4 {[%emt 0:00:09]} Rxh2 {[%emt 0:00:02]} 32. Rxa5 {[%emt 0:00:06]} Kf7 {[%emt 0:00:04]} 33. Kc5 {[%emt 0:00:59]} Rg2 {[%emt 0:01:34]} 34. Ra3 {[%emt 0:02:02]} Ke7 {[%emt 0:00:08]} 35. d6+ {[%emt 0:01:05]} Kd7 {[%emt 0:00:03]} 36. Ra7+ {[%emt 0:00:13]} Kd8 {[%emt 0:00:01]} 37. Ra8+ {[%emt 0:00:34]} Kd7 {[%emt 0:00:02]} 38. Ra7+ {[%emt 0:00:14]} Kd8 {[%emt 0:00:01]} 39. Kc6 {[%emt 0:00:32]} Rc2+ {[%emt 0:00:03]} 40. Kd5 {[%emt 0:00:00]} Rg2 {[%emt 0:00:22]} 41. Ke6 {[%emt 0:02:53]} Re2+ {[%emt 0:00:03]} 42. Kf6 {[%emt 0:02:29]} Rg2 {[%emt 0:00:06]} 43. Ke6 {[%emt 0:04:42]} 1/2-1/2

[Event "71st RUS-ch Higher League 2018"]
[Site "Yaroslavl"]
[Date "2018.06.29"]
[Round "4"]
[White "Alekseev, Evgeny"]
[Black "Shaposhnikov, Evgeny"]
[Result "1/2-1/2"]
[WhiteElo "2627"]
[BlackElo "2572"]
[Annotator "ChessBase"]
[PlyCount "81"]
[EventDate "2018.06.26"]
[EventType "swiss"]
[EventCountry "RUS"]
[SourceTitle "playchess.com"]
[Source "ChessBase"]
[SourceQuality "1"]
[TimeControl "40/5400+30:1800+30"]

1. e4 {[%emt 0:04:05]} e6 {[%emt 0:00:19]} 2. d4 {[%emt 0:01:35]} d5 {[%emt 0:00:05]} 3. Bd3 {[%emt 0:04:04]} Nc6 {[%emt 0:03:48]} 4. Ne2 {[%emt 0:16:20]} Nb4 {[%emt 0:03:19]} 5. Bb5+ {[%emt 0:07:25]} Bd7 {[%emt 0:06:52]} 6. Bxd7+ {[%emt 0:01:07]} Qxd7 {[%emt 0:00:02]} 7. c3 {[%emt 0:02:23]} Nc6 {[%emt 0:00:43]} 8. e5 {[%emt 0:01:12]} f6 {[%emt 0:00:27]} 9. f4 {[%emt 0:01:46]} Nh6 {[%emt 0:01:51]} 10. Ng3 {[%emt 0:08:04]} f5 {[%emt 0:06:53]} 11. Nd2 {[%emt 0:03:33]} Nf7 {[%emt 0:01:26]} 12. O-O {[%emt 0:02:43]} Be7 {[%emt 0:01:18]} 13. Nf3 {[%emt 0:02:46]} Na5 {[%emt 0:09:02]} 14. Qe2 {[%emt 0:04:17]} g6 {[%emt 0:02:09]} 15. Be3 {[%emt 0:07:34]} h5 {[%emt 0:04:17]} 16. Nd2 {[%emt 0:02:38]} h4 {[%emt 0:01:15]} 17. Nh1 {[%emt 0:00:04]} g5 {[%emt 0:00:48]} 18. b4 {[%emt 0:01:14]} gxf4 {[%emt 0:04:34]} 19. Bxf4 {[%emt 0:00:42]} Nc6 {[%emt 0:01:55]} 20. Nb3 {[%emt 0:04:36]} b6 {[%emt 0:05:56]} 21. b5 {[%emt 0:03:21]} Ncd8 {[%emt 0:00:47]} 22. Nf2 {[%emt 0:02:29]} Ng5 {[%emt 0:15:12]} 23. Bxg5 {[%emt 0:04:17]} Bxg5 {[%emt 0:00:31]} 24. Nh3 {[%emt 0:00:02]} Nf7 {[%emt 0:00:23]} 25. a4 {[%emt 0:01:52]} Bh6 {[%emt 0:06:10]} 26. Nc1 {[%emt 0:05:45]} c5 {[%emt 0:08:46]} 27. Nd3 {[%emt 0:02:19]} c4 {[%emt 0:03:16]} 28. Nb4 {[%emt 0:01:07]} Ng5 {[%emt 0:01:48]} 29. Nxg5 {[%emt 0:02:43]} Bxg5 {[%emt 0:00:02]} 30. a5 {[%emt 0:00:22]} Bd8 {[%emt 0:03:41]} 31. Nc6 {[%emt 0:01:16]} bxa5 {[%emt 0:00:24]} 32. Nxd8 {[%emt 0:01:17]} Qxd8 {[%emt 0:00:02]} 33. Qa2 {[%emt 0:00:32]} Qg5 {[%emt 0:02:20]} 34. Qxa5 {[%emt 0:00:54]} O-O 35. Kh1 {[%emt 0:00:27]} Kh8 {[%emt 0:05:26]} 36. Rf3 {[%emt 0:00:27]} Rg8 {[%emt 0:00:25]} 37. Rg1 {[%emt 0:00:05]} Rg7 {[%emt 0:00:11]} 38. Rh3 {[%emt 0:00:46]} Rag8 {[%emt 0:00:09]} 39. Qa1 {[%emt 0:00:48]} Qg4 {[%emt 0:00:21]} 40. Rf3 {[%emt 0:00:00]} Qh5 {[%emt 0:02:54]} 41. Rf4 {[%emt 0:06:28]} 1/2-1/2